[Event "Troisdorf op"]
[White "Pruehs, Hartmut"]
[Black "Schwarz, Andreas"]
[Site "Troisdorf"]
[Round "3"]
[Result "0-1"]
[Date "2002.11.12"]
[WhiteElo "1765"]
[BlackElo "1960"]
[PlyCount "108"]
[EventDate "2002.10.??"]
[EventType "swiss"]
[EventRounds "7"]
[EventCountry "GER"]
[SourceTitle "EXT 2005"]
[Source "ChessBase"]
[SourceDate "2004.11.15"]
[SourceVersion "1"]
[SourceVersionDate "2004.11.15"]
[SourceQuality "1"]

1. d4 Nf6 2. Nf3 d5 3. e3 e6 4. Bd3 Nbd7 5. Nbd2 c5 6. c3 b6 7. 0-0 Bd6 8. Re1 Bb7 9. Qe2 0-0 10. e4 e5 11. dxe5 Nxe5 12. exd5 Re8 13. Ne4 Nxd3 14. Nxf6+ Qxf6 15. Qxd3 Rxe1+ 16. Nxe1 Qe5 17. Nf3 Qxd5 18. Qxd5 Bxd5 19. Ne1 f5 20. g3 h6 21. Be3 Be5 22. Nd3 Bf6 23. Nf4 Bf7 24. a4 g5 25. Ng2 a5 26. h4 Rd8 27. hxg5 hxg5 28. Ne1 Bb3 29. Nf3 Rd3 30. Nd2 Be6 31. Kf1 Kg7 32. Ke2 Rd8 33. Kd1 Rh8 34. Kc2 Kg6 35. Re1 Bd5 36. c4 Bc6 37. b3 Re8 38. Nb1 Be4+ 39. Kc1 Rd8 40. Nd2 Bc3 41. Rd1 Bc6 42. Kc2 Be5 43. f4 Bc7 44. fxg5 Bxg3 45. Rf1 Rh8 46. Nf3 Bxf3 47. Rxf3 Rh2+ 48. Bd2 Be1 49. Rd3 Rxd2+ 50. Rxd2 Bxd2 51. Kxd2 Kxg5 52. Ke2 Kf4 53. Kf2 Ke4 54. Ke2 f4 0-1